000 00570nam a22001817a 4500
005 20251108175905.0
008 250721s2021 xx 000 0 ara d
082 1 4 _a658.409/طرا
100 1 _aالطراونة، حسين أحمد
_eمؤلف
245 1 0 _aكيف تكون مديرًا ناجحًا :
_bالمهارات القيادية /
264 1 _aعمان :
_bابصار ناشرون و موزعون،
_c2021.
300 _a120ص.
650 1 7 _aالادارة
650 1 7 _aالقيادة
650 1 7 _aالنجاح
942 _2ddc
_cBK
999 _c144855
_d144855